01373nam a2200325 a 4500001001200000003000800012006001900020007001500039008004100054020001800095020002700113040002100140035002100161050002300182082001700205245013900222260005200361300005600413504005100469533015200520588009400672650002300766655002900789700002600818700002500844700001800869710001700887856012600904999001701030ebr10674813CaPaEBRm o u cr cn|||||||||150303s2013 enka sb 001 0 eng d z9780470670897 z9781118568057 (e-book) aCaPaEBRcCaPaEBR a(OCoLC)84285478514aR735b.H698 2013eb04a610.71/122300aHow to assess students and trainees in medicine and healthh[electronic resource] /cedited by Olwyn Westwood, Ann Griffin, Frank Hay. aChichester, England :bWiley-Blackwell,cc2013. a1 online resource (xii, 210 p.) :bill. (some col.) aIncludes bibliographical references and index. aElectronic reproduction.bPalo Alto, Calif. :cebrary,d2015.nAvailable via World Wide Web.nAccess may be limited to ebrary affiliated libraries. aDescription based on online resource; title from title page (ebrary, viewed May 7, 2013). 0aMedical education. 7aElectronic books.2local1 aWestwood, Olwyn M. R.1 aGriffin, Ann,d1961-1 aHay, Frank C.2 aebrary, Inc.40uhttp://site.ebrary.com/lib/rucke/Doc?id=10674813zAn electronic book accessible through the World Wide Web; click to view c57260d57260